Central Library OPAC University of Rajshahi
Normal view MARC view

Entry Personal Name

Number of records used in: 7

001 - CONTROL NUMBER

  • control field: 14398

003 - CONTROL NUMBER IDENTIFIER

  • control field: BD-RjUL

005 - DATE AND TIME OF LATEST TRANSACTION

  • control field: 20241124122137.0

008 - FIXED-LENGTH DATA ELEMENTS

  • fixed length control field: 241124|| aca||aabn | a|a d

040 ## - CATALOGING SOURCE

  • Original cataloging agency: BD-RjUL
  • Transcribing agency: BD-RjUL

100 ## - HEADING--PERSONAL NAME

  • Personal name: Belal Husain, Muhammad

670 ## - SOURCE DATA FOUND

  • Source citation: Work cat.: (BD-RjUL)84352: طيب الرحمن, شيخ محمد ;; Tayeb Al Rahman, Sheikh Mohammed 14397, منهج الامام البخاري في ايراد الأحاديث المعلقه في تراجم ابواب صحيحه =An Analytical study of the Methods of Imam al- Bukhari in the use of al- Hadith Al- Muallaq in Tarjama al- Bab of his Sahih /